| 000 | 00752nam a2200229 a 4500 | ||
|---|---|---|---|
| 001 | 43790 | ||
| 003 | BD-RjUL | ||
| 005 | 20211209053744.0 | ||
| 008 | 160627s1957 th ab 000 0 eng u | ||
| 035 | _a(BD-RjUL)43908 | ||
| 040 |
_cIBP _dm/c _dRCD _dBD-RjUL _aBD-RjUL _beng |
||
| 041 | _aeng | ||
| 082 |
_223 _a627.4 _bDEV 1957 |
||
| 110 | 2 |
_aUnited Nations. _bEconomic Commission for Asia and the Far East. _9134597 |
|
| 245 | 1 | 0 | _aDevelopment of water resources in the lower Mekong Basin / |
| 260 |
_aBangkok : _bUnited Nations, _c1957. |
||
| 300 |
_avii, 75 p. : _bill. ; _c28 cm. |
||
| 490 | 1 |
_aFlood control series ; _vno.12 |
|
| 650 | 0 |
_aFlood control _zMekong River. _9134596 |
|
| 830 | 0 |
_aFlood control series ; _vno. 12. _9134452 |
|
| 942 |
_2ddc _cBK |
||
| 999 |
_c43790 _d43790 |
||